000
00282nam a2200121Ia 4500
008
191201s2008 xx 000 0 und d
100
_a
SAXENA, Sanjay
245
0
_a
M S Office 2000
260
_a
N. delhi
_b
Vikas Pub
_c
2008
300
_a
Mise
650
_a
B.Tech(CSE)
942
_2
ddc
_c
BK
999
_c
302
_d
302